| 000 | 00745aas a2200217 4500 | ||
|---|---|---|---|
| 999 |
_c3575 _d3575 |
||
| 003 | BR-BrBNA | ||
| 005 | 20230317233838.0 | ||
| 007 | ta | ||
| 008 | 230119b bl ||||| |||| 00| 0 por d | ||
| 035 | _a000485-5 | ||
| 040 |
_aBR-BrBNA _bPor _cBR-BrBNA |
||
| 042 | _aN | ||
| 044 | _abl | ||
| 245 | _aRevista do Fundecitrus (Brazil) | ||
| 260 |
_aAraraquara-SP _bFundo Paulista de Defesa da Citricultura _c1997 _eBR |
||
| 270 | _aAv. Ademar P. de Barros, 201 - V. Melhado - 14807-040 - Araraguara-SP | ||
| 310 | _airregular | ||
| 505 | _a1997 13(82-83,85); 1998-02 13-16(87-113); 2003 (114-119); 2004 (120-125); 2005 (126-132); 2006 (133-136); 2007 (137-142,ed. esp(set); 2008 (143-148); 2009 (149-154); | ||
| 909 |
_a56 _bSergio Santos _c56 _dSergio Santos |
||
| 942 |
_cCR _2AGRIS |
||